[Event "Hampshire Open"]
[Site "Eastleigh"]
[Date "2011.11.04"]
[Round "1"]
[White "Edney, Richard H"]
[Black "Waterfield, John W"]
[Result "0-1"]
[WhiteElo "1864"]
[BlackElo "2008"]
[PlyCount "91"]
[EventDate "2011.11.04"]
[EventType "swiss"]
[EventRounds "6"]
[EventCountry "ENG"]
[SourceTitle "BritBase"]
[Source "John Saunders"]
[SourceDate "2025.01.31"]
[SourceVersion "1"]
[SourceVersionDate "2025.01.31"]
[SourceQuality "1"]

1. d4 Nf6 2. Bg5 c5 3. d5 Qb6 4. Nc3 Qxb2 5. Bd2 Qb6 6. e4 d6 7. f4 Nbd7 8. Nf3 g6 9. Rb1 Qc7 10. Bc4 Bg7 11. O-O O-O 12. Re1 Nb6 13. Bf1 e6 14. Nb5 Qe7 15. c4 exd5 16. exd5 Qd8 17. Bd3 Bg4 18. h3 Bxf3 19. Qxf3 Nc8 20. Nc3 b6 21. g4 Ne7 22. Re2 Qd7 23. Rbe1 Rae8 24. f5 gxf5 25. gxf5 Nc8 26. Ne4 Nxe4 27. Bxe4 Bd4+ 28. Kh1 f6 29. Bd3 Rxe2 30. Rxe2 Kh8 31. Be3 Be5 32. Bf4 Rg8 33. Bxe5 dxe5 34. Rg2 Nd6 35. Rg4 Rxg4 36. hxg4 Qg7 37. Be2 Qg5 38. Qh3 Kg7 39. Qa3 Qd2 40. Qxa7+ Kh6 41. Bf1 Ne4 42. Qf7 Qf2 43. Qf8+ Kg5 44. Qg7+ Kf4 45. Qh6+ Kf3 46. Bg2+ 0-1

[Event "Hampshire Open"]
[Site "Eastleigh"]
[Date "2011.11.04"]
[Round "1"]
[White "Fowler, David W"]
[Black "Hackman, Paul"]
[Result "0-1"]
[WhiteElo "1712"]
[BlackElo "2128"]
[PlyCount "84"]
[EventDate "2011.11.04"]
[EventType "swiss"]
[EventRounds "6"]
[EventCountry "ENG"]
[SourceTitle "BritBase"]
[Source "John Saunders"]
[SourceDate "2025.01.31"]
[SourceVersion "1"]
[SourceVersionDate "2025.01.31"]
[SourceQuality "1"]

1. e4 e6 2. d4 d5 3. Nc3 Bb4 4. e5 Qd7 5. Nf3 b6 6. Bd2 Ba6 7. Ne2 Bf8 8. g3 Ne7 9. Nh4 c5 10. c3 Nbc6 11. Be3 Ng6 12. Nxg6 hxg6 13. a3 Na5 14. b3 Be7 15. f4 O-O 16. h4 Rac8 17. h5 cxd4 18. Bxd4 Bc5 19. hxg6 fxg6 20. Bxc5 bxc5 21. Qc2 Qf7 22. Ng1 Bxf1 23. Kxf1 Qf5 24. Qxf5 Rxf5 25. Nf3 Nxb3 26. Rb1 c4 27. Rb2 Rh5 28. Rbh2 Rxh2 29. Rxh2 Nc5 30. Ng5 Rb8 31. Rd2 Rb1+ 32. Kg2 Rc1 33. g4 Rxc3 34. f5 gxf5 35. gxf5 Re3 36. Rb2 Nb3 37. Nxe6 Rxe5 38. Rf2 Kf7 39. Nd8+ Kf6 40. Nc6 Rxf5 41. Nxa7 Rxf2+ 42. Kxf2 c3 0-1

[Event "Hampshire Open"]
[Site "Eastleigh"]
[Date "2011.11.04"]
[Round "1"]
[White "Gill, Oliver"]
[Black "Butcher, Doug"]
[Result "1-0"]
[WhiteElo "2006"]
[BlackElo "1880"]
[PlyCount "75"]
[EventDate "2011.11.04"]
[EventType "swiss"]
[EventRounds "6"]
[EventCountry "ENG"]
[SourceTitle "BritBase"]
[Source "John Saunders"]
[SourceDate "2025.01.31"]
[SourceVersion "1"]
[SourceVersionDate "2025.01.31"]
[SourceQuality "1"]

1. e4 d5 2. Nc3 d4 3. Nce2 e5 4. Ng3 Nf6 5. Bc4 Nc6 6. Nf3 Bg4 7. h3 Bxf3 8. Qxf3 Na5 9. Bb5+ c6 10. Be2 Qc7 11. a3 c5 12. Bb5+ Nc6 13. a4 a6 14. Bc4 Na5 15. Ba2 c4 16. O-O b5 17. d3 Be7 18. Nf5 Bf8 19. c3 dxc3 20. bxc3 cxd3 21. axb5 axb5 22. Qxd3 Qd7 23. Qxd7+ Nxd7 24. Bd5 Ra7 25. Be3 Nc5 26. Ra2 g6 27. Nh6 Bxh6 28. Bxc5 Rc7 29. Bb6 Rxc3 30. Rxa5 O-O 31. Rxb5 Rfc8 32. Ba5 Rc2 33. Rb7 R2c5 34. Bxf7+ Kh8 35. Bd5 Rxa5 36. Re7 Bg7 37. Rb1 Rg8 38. Bxg8 1-0

[Event "Hampshire Open"]
[Site "Eastleigh"]
[Date "2011.11.04"]
[Round "1"]
[White "Shiatis, Rohan"]
[Black "Coburn, Joseph A"]
[Result "1-0"]
[WhiteElo "1952"]
[BlackElo "1792"]
[PlyCount "61"]
[EventDate "2011.11.04"]
[EventType "swiss"]
[EventRounds "6"]
[EventCountry "ENG"]
[SourceTitle "BritBase"]
[Source "John Saunders"]
[SourceDate "2025.01.31"]
[SourceVersion "1"]
[SourceVersionDate "2025.01.31"]
[SourceQuality "1"]

1. d4 Nf6 2. c4 d6 3. Nc3 g6 4. Nf3 Bg7 5. e4 O-O 6. Be2 c5 7. O-O cxd4 8. Nxd4 Nc6 9. Be3 Nxd4 10. Bxd4 Bd7 11. f3 Nh5 12. Bxg7 Nxg7 13. Kh1 Bc6 14. b4 b6 15. f4 a5 16. b5 Bb7 17. f5 Rc8 18. Qd4 e5 19. Qd2 f6 20. Rad1 Ne8 21. fxg6 hxg6 22. Qh6 Kf7 23. Rf3 Rg8 24. Rg3 Nc7 25. c5 bxc5 26. Bc4+ d5 27. Nxd5 Bxd5 28. Bxd5+ Nxd5 29. Rxd5 Qc7 30. Rgd3 Rcd8 31. Rxd8 1-0

[Event "Hampshire Open"]
[Site "Eastleigh"]
[Date "2011.11.04"]
[Round "1"]
[White "Tambini, Jasper"]
[Black "Williams, Peter Arthur"]
[Result "0-1"]
[WhiteElo "1924"]
[BlackElo "2239"]
[PlyCount "70"]
[EventDate "2011.11.04"]
[EventType "swiss"]
[EventRounds "6"]
[EventCountry "ENG"]
[SourceTitle "BritBase"]
[Source "John Saunders"]
[SourceDate "2025.01.31"]
[SourceVersion "1"]
[SourceVersionDate "2025.01.31"]
[SourceQuality "1"]

1. e4 e6 2. d4 d5 3. e5 c5 4. c3 Nc6 5. Nf3 Bd7 6. a3 f6 7. Bd3 fxe5 8. dxe5 Nh6 9. Bf4 Nf7 10. Bg3 Qc7 11. Qe2 c4 12. Bc2 O-O-O 13. Nbd2 g5 14. h3 Bg7 15. O-O-O Be8 16. Rhe1 Qe7 17. Nxc4 dxc4 18. Qxc4 Kb8 19. Nd4 Nxd4 20. cxd4 Bc6 21. Qe2 Bd5 22. Kb1 Rc8 23. Be4 Qd7 24. Qf3 Bxe4+ 25. Qxe4 Rc4 26. b3 Qb5 27. Kb2 Rhc8 28. Re3 Nh6 29. Rf3 Nf5 30. Bh2 Bf8 31. g4 Rc2+ 32. Ka1 Bxa3 33. gxf5 Bb2+ 34. Kb1 Qa5 35. Qxc2 Qa1# 0-1

[Event "Hampshire Open"]
[Site "Eastleigh"]
[Date "2011.11.05"]
[Round "2"]
[White "Butcher, Doug"]
[Black "Tambini, Jasper"]
[Result "0-1"]
[WhiteElo "1880"]
[BlackElo "1924"]
[PlyCount "66"]
[EventDate "2011.11.04"]
[EventType "swiss"]
[EventRounds "6"]
[EventCountry "ENG"]
[SourceTitle "BritBase"]
[Source "John Saunders"]
[SourceDate "2025.01.31"]
[SourceVersion "1"]
[SourceVersionDate "2025.01.31"]
[SourceQuality "1"]

1. e4 Nc6 2. Nf3 e5 3. d4 exd4 4. Nxd4 Nf6 5. Nxc6 bxc6 6. Bd3 d5 7. O-O dxe4 8. Qe1 Bd6 9. Bxe4 O-O 10. Bxc6 Rb8 11. Qc3 Ba6 12. Re1 Bb4 13. Qe5 Bxe1 14. Qxe1 Qd6 15. Bf3 Rfe8 16. Be3 Rxb2 17. Qc3 Reb8 18. Nd2 Nd5 19. Bxd5 Qxd5 20. h3 R2b7 21. Nb3 Bc4 22. Bd4 f6 23. Re1 Bxb3 24. axb3 Rd8 25. Qe3 a5 26. Bc3 Rbb8 27. Qg3 Qd6 28. Qg4 Rb5 29. Qc4+ Qd5 30. Qxc7 Rc5 31. Qg3 Qc6 32. Re7 Rg5 33. Rc7 Qd5 0-1

[Event "Hampshire Open"]
[Site "Eastleigh"]
[Date "2011.11.05"]
[Round "2"]
[White "Coburn, Joseph A"]
[Black "Fowler, David W"]
[Result "1-0"]
[WhiteElo "1792"]
[BlackElo "1712"]
[PlyCount "85"]
[EventDate "2011.11.04"]
[EventType "swiss"]
[EventRounds "6"]
[EventCountry "ENG"]
[SourceTitle "BritBase"]
[Source "John Saunders"]
[SourceDate "2025.01.31"]
[SourceVersion "1"]
[SourceVersionDate "2025.01.31"]
[SourceQuality "1"]

1. d4 Nf6 2. c4 e6 3. Nc3 d5 4. cxd5 exd5 5. Bf4 c6 6. Nf3 Bf5 7. Qb3 Qb6 8. Qxb6 axb6 9. a3 Nbd7 10. h3 b5 11. g4 Bg6 12. Bg2 b4 13. Nb1 bxa3 14. Nxa3 Bb4+ 15. Bd2 Bxd2+ 16. Nxd2 O-O 17. O-O Rfe8 18. e3 h5 19. gxh5 Nxh5 20. Rac1 Nhf6 21. Rc3 Ne4 22. Nxe4 Bxe4 23. Bxe4 Rxe4 24. Rb3 b6 25. Rc1 Re6 26. Rbc3 c5 27. Nb5 Rg6+ 28. Kf1 Ra2 29. b3 Rf6 30. R3c2 Rxc2 31. Rxc2 Kh7 32. Ra2 cxd4 33. Nxd4 Nc5 34. b4 Nd3 35. b5 Ne5 36. Ra7 Nc4 37. Ke2 Kg6 38. Rd7 Rd6 39. Rc7 Kf6 40. f4 g6 41. e4 Kg7 42. e5 Rd8 43. Ne6+ 1-0

[Event "Hampshire Open"]
[Site "Eastleigh"]
[Date "2011.11.05"]
[Round "2"]
[White "Hackman, Paul"]
[Black "Shiatis, Rohan"]
[Result "1-0"]
[WhiteElo "2128"]
[BlackElo "1952"]
[PlyCount "57"]
[EventDate "2011.11.04"]
[EventType "swiss"]
[EventRounds "6"]
[EventCountry "ENG"]
[SourceTitle "BritBase"]
[Source "John Saunders"]
[SourceDate "2025.01.31"]
[SourceVersion "1"]
[SourceVersionDate "2025.01.31"]
[SourceQuality "1"]

1. e4 c5 2. Nf3 d6 3. d4 cxd4 4. Nxd4 Nf6 5. Nc3 g6 6. Be3 Bg7 7. Be2 O-O 8. O-O Nc6 9. h3 d5 10. exd5 Nxd5 11. Nxd5 Qxd5 12. Bf3 Qa5 13. Nb3 Qc7 14. Bxc6 Qxc6 15. c3 b6 16. Nd4 Qc7 17. Qe2 Bb7 18. Rfd1 e5 19. Nf3 Rae8 20. Rd2 f5 21. Rad1 Re7 22. Bg5 Ref7 23. Bd8 Qc6 24. Rd6 Qe4 25. Qb5 Bh6 26. Re1 Qf4 27. Nxe5 Rg7 28. Qb3+ Kh8 29. Bf6 1-0

[Event "Hampshire Open"]
[Site "Eastleigh"]
[Date "2011.11.05"]
[Round "2"]
[White "McDougall, Andrew"]
[Black "Davies, Edward G"]
[Result "1-0"]
[WhiteElo "2144"]
[BlackElo "1808"]
[PlyCount "119"]
[EventDate "2011.11.04"]
[EventType "swiss"]
[EventRounds "6"]
[EventCountry "ENG"]
[SourceTitle "BritBase"]
[Source "John Saunders"]
[SourceDate "2025.01.31"]
[SourceVersion "1"]
[SourceVersionDate "2025.01.31"]
[SourceQuality "1"]

1. e4 c6 2. d4 d5 3. exd5 cxd5 4. c4 e6 5. Nc3 Nf6 6. Nf3 Be7 7. cxd5 Nxd5 8. Bd3 a6 9. O-O O-O 10. Re1 Nc6 11. a3 b5 12. Nxd5 exd5 13. Qc2 Qd6 14. Bxh7+ Kh8 15. Bf5 Bxf5 16. Qxf5 g6 17. Qh3+ Kg8 18. Qh6 Rfe8 19. Bf4 Qf6 20. Be5 Nxe5 21. dxe5 Qf5 22. e6 Bf6 23. exf7+ Kxf7 24. Qd2 Rac8 25. Rxe8 Rxe8 26. Rc1 Qe4 27. h3 d4 28. Ng5+ Bxg5 29. Qxg5 Re7 30. f3 Qe6 31. Qf4+ Qf6 32. Qxf6+ Kxf6 33. Kf2 Re6 34. Rd1 Rd6 35. Ke2 Ke5 36. g3 g5 37. Kd3 Rh6 38. Rh1 Rf6 39. Rf1 Rh6 40. f4+ Kd5 41. fxg5 Rxh3 42. Rf5+ Ke6 43. Rf3 Rh5 44. Rf6+ Ke5 45. g4 Rxg5 46. Rf5+ Rxf5 47. gxf5 Kxf5 48. Kxd4 Kf4 49. Kc5 Ke4 50. Kb6 Kd4 51. Kxa6 Kc4 52. Ka5 Kc5 53. b4+ Kc4 54. Kb6 Kb3 55. Kxb5 Kxa3 56. Ka5 Kb3 57. b5 Kc4 58. b6 Kc5 59. b7 Kc6 60. b8=R 1-0

[Event "Hampshire Open"]
[Site "Eastleigh"]
[Date "2011.11.05"]
[Round "2"]
[White "McDougall, William M"]
[Black "Hanley, Craig A"]
[Result "0-1"]
[WhiteElo "2064"]
[BlackElo "2415"]
[PlyCount "72"]
[EventDate "2011.11.04"]
[EventType "swiss"]
[EventRounds "6"]
[EventCountry "ENG"]
[SourceTitle "BritBase"]
[Source "John Saunders"]
[SourceDate "2025.01.31"]
[SourceVersion "1"]
[SourceVersionDate "2025.01.31"]
[SourceQuality "1"]

1. d4 Nf6 2. c4 e6 3. Nf3 Bb4+ 4. Bd2 a5 5. g3 O-O 6. Bg2 d5 7. Qc2 Nc6 8. O-O Ne4 9. Rd1 f5 10. Nc3 Nxd2 11. Rxd2 dxc4 12. Ne5 Nxe5 13. dxe5 Qe8 14. a3 Bc5 15. Na4 Qb5 16. Nc3 Qa6 17. Rad1 Be7 18. g4 c6 19. e3 Qa7 20. Ne2 Qc5 21. Nd4 Qxe5 22. Qxc4 Kh8 23. h3 Qc5 24. Qe2 fxg4 25. hxg4 e5 26. Nf5 Bxf5 27. gxf5 Rxf5 28. Qd3 Raf8 29. Be4 Rg5+ 30. Kf1 Rh5 31. Rc2 Qb4 32. Qd7 Bf6 33. Qg4 Rh4 34. Qg2 Qb5+ 35. Bd3 Qa4 36. Ke2 e4 0-1

[Event "Hampshire Open"]
[Site "Eastleigh"]
[Date "2011.11.05"]
[Round "2"]
[White "Williams, Peter Arthur"]
[Black "Gill, Oliver"]
[Result "1-0"]
[WhiteElo "2239"]
[BlackElo "2006"]
[PlyCount "45"]
[EventDate "2011.11.04"]
[EventType "swiss"]
[EventRounds "6"]
[EventCountry "ENG"]
[SourceTitle "BritBase"]
[Source "John Saunders"]
[SourceDate "2025.01.31"]
[SourceVersion "1"]
[SourceVersionDate "2025.01.31"]
[SourceQuality "1"]

1. d4 Nc6 2. d5 Ne5 3. e4 Ng6 4. f4 e5 5. dxe6 fxe6 6. Nf3 Bc5 7. Nc3 Nf6 8. e5 Ng4 9. Ne4 Ne3 10. Bxe3 Bxe3 11. g3 Qe7 12. c3 a6 13. Qd3 Ba7 14. Bg2 b5 15. Nfg5 O-O 16. Nxh7 Kxh7 17. Ng5+ Kh6 18. Bxa8 c6 19. h4 Qc5 20. h5 Qf2+ 21. Kd1 Nxf4 22. gxf4 Rf5 23. Nf7+ 1-0

[Event "Hampshire Open"]
[Site "Eastleigh"]
[Date "2011.11.05"]
[Round "3"]
[White "Corkett, Anthony R"]
[Black "McDougall, Andrew"]
[Result "1/2-1/2"]
[WhiteElo "2306"]
[BlackElo "2144"]
[PlyCount "102"]
[EventDate "2011.11.04"]
[EventType "swiss"]
[EventRounds "6"]
[EventCountry "ENG"]
[SourceTitle "BritBase"]
[Source "John Saunders"]
[SourceDate "2025.01.31"]
[SourceVersion "1"]
[SourceVersionDate "2025.01.31"]
[SourceQuality "1"]

1. c4 Nf6 2. g3 g6 3. Bg2 d5 4. cxd5 Nxd5 5. Nc3 Nxc3 6. bxc3 Bg7 7. Qb3 c6 8. h4 Qb6 9. Qc2 Bg4 10. Nf3 Nd7 11. Rb1 Qc7 12. d3 O-O 13. c4 Rad8 14. Bd2 b6 15. a4 e5 16. a5 Rfe8 17. axb6 axb6 18. Nh2 Be6 19. Qa4 b5 20. cxb5 cxb5 21. Qa5 Qc2 22. O-O Rb8 23. Rfc1 Qa4 24. Bc6 Rec8 25. Qxa4 bxa4 26. Bxa4 Rxc1+ 27. Rxc1 Rb2 28. Nf1 Bh3 29. Bc2 Nb6 30. Ne3 Be6 31. Bc3 Rb5 32. Rb1 Rxb1+ 33. Bxb1 Nd5 34. Nxd5 Bxd5 35. e4 Bb3 36. f4 f6 37. d4 exd4 38. Bxd4 Kf7 39. Bd3 f5 40. e5 Bf8 41. Kf2 Bb4 42. Ke2 h5 43. Bf2 Ke7 44. Bb5 Be6 45. Kd3 Bd7 46. Bxd7 Kxd7 47. Kc4 Ba5 48. Kd5 Bc3 49. e6+ Ke7 50. Bc5+ Ke8 51. Bf2 Ke7 1/2-1/2

[Event "Hampshire Open"]
[Site "Eastleigh"]
[Date "2011.11.05"]
[Round "3"]
[White "Edney, Richard H"]
[Black "McDougall, William M"]
[Result "1/2-1/2"]
[WhiteElo "1864"]
[BlackElo "2064"]
[PlyCount "110"]
[EventDate "2011.11.04"]
[EventType "swiss"]
[EventRounds "6"]
[EventCountry "ENG"]
[SourceTitle "BritBase"]
[Source "John Saunders"]
[SourceDate "2025.01.31"]
[SourceVersion "1"]
[SourceVersionDate "2025.01.31"]
[SourceQuality "1"]

1. d4 Nf6 2. Bg5 d5 3. Bxf6 gxf6 4. c4 dxc4 5. e3 c5 6. Bxc4 cxd4 7. exd4 Nc6 8. Ne2 Bg7 9. Nbc3 O-O 10. Qd2 a6 11. O-O b5 12. Bd5 Bb7 13. Bf3 Qb6 14. Nd5 Qd8 15. Nb4 Qd6 16. Nxc6 Bxc6 17. Bxc6 Qxc6 18. Rac1 Qd6 19. Rfd1 Rfd8 20. Rc3 f5 21. Rg3 Kh8 22. Qg5 Qf6 23. Qxf6 Bxf6 24. Rf3 Rac8 25. Rc3 b4 26. Rxc8 Rxc8 27. Rd2 e6 28. g3 Kg7 29. Kg2 Kf8 30. f4 Bd8 31. Kf3 Bb6 32. Ke3 Ke7 33. Kd3 Kd6 34. b3 Kd5 35. Rd1 a5 36. Rd2 h5 37. Rd1 h4 38. Rd2 hxg3 39. hxg3 Rh8 40. Rc2 Rh1 41. Rd2 f6 42. Ke3 Rh2 43. Nc3+ bxc3 44. Rxh2 Bxd4+ 45. Kd3 e5 46. Rh8 Kc5 47. fxe5 Bxe5 48. Rh5 Bxg3 49. Rxf5+ Be5 50. a3 Kd5 51. Rh5 Kc5 52. Rh8 Kb5 53. Rh5 Kc5 54. Rh8 Kb5 55. Rh5 Kc5 1/2-1/2

[Event "Hampshire Open"]
[Site "Eastleigh"]
[Date "2011.11.05"]
[Round "3"]
[White "Fowler, David W"]
[Black "Butcher, Doug"]
[Result "1-0"]
[WhiteElo "1712"]
[BlackElo "1880"]
[PlyCount "129"]
[EventDate "2011.11.04"]
[EventType "swiss"]
[EventRounds "6"]
[EventCountry "ENG"]
[SourceTitle "BritBase"]
[Source "John Saunders"]
[SourceDate "2025.01.31"]
[SourceVersion "1"]
[SourceVersionDate "2025.01.31"]
[SourceQuality "1"]

1. e4 d5 2. exd5 Nf6 3. Bb5+ Bd7 4. Be2 Nxd5 5. d4 g6 6. c4 Nf6 7. Nc3 Bg7 8. Nf3 O-O 9. O-O Bg4 10. Be3 c6 11. Qd2 Nbd7 12. Rad1 Nb6 13. b3 Re8 14. Ne5 Bxe2 15. Qxe2 Qc7 16. Qf3 Nbd7 17. Bf4 Qc8 18. Rfe1 Nxe5 19. Bxe5 Qd8 20. d5 cxd5 21. Nxd5 Nxd5 22. Rxd5 Qc8 23. Bxg7 Kxg7 24. Red1 Qc6 25. Qd3 Qa6 26. a4 Qf6 27. g3 Qb2 28. Rd7 b6 29. Re1 Qf6 30. Re4 a5 31. Qe3 Rad8 32. Qd4 Qxd4 33. Rexd4 Rxd7 34. Rxd7 e5 35. Rd6 Re6 36. Rd5 Kf6 37. Kf1 Rc6 38. Ke2 Ke6 39. Ke3 Rd6 40. Rb5 f5 41. f3 g5 42. b4 axb4 43. Rxb4 f4+ 44. Ke2 Kf5 45. g4+ Kg6 46. Rb5 Re6 47. c5 bxc5 48. a5 Kf7 49. Rxc5 Ke8 50. Rd5 Ke7 51. Kd3 Rh6 52. Rxe5+ Kf6 53. Re2 Kf7 54. Ra2 Ra6 55. Kc4 Kf6 56. Kb5 Re6 57. a6 Re5+ 58. Kc4 Re8 59. a7 Ra8 60. Ra5 h5 61. h3 hxg4 62. hxg4 Ke6 63. Kb5 Kd7 64. Kb6 Kc8 65. Rxg5 1-0

[Event "Hampshire Open"]
[Site "Eastleigh"]
[Date "2011.11.05"]
[Round "3"]
[White "Gill, Oliver"]
[Black "Coburn, Joseph A"]
[Result "1-0"]
[WhiteElo "2006"]
[BlackElo "1792"]
[PlyCount "51"]
[EventDate "2011.11.04"]
[EventType "swiss"]
[EventRounds "6"]
[EventCountry "ENG"]
[SourceTitle "BritBase"]
[Source "John Saunders"]
[SourceDate "2025.01.31"]
[SourceVersion "1"]
[SourceVersionDate "2025.01.31"]
[SourceQuality "1"]

1. e4 d6 2. d4 Nf6 3. Nc3 g6 4. Be3 Bg7 5. Qd2 O-O 6. O-O-O Nc6 7. f3 a6 8. Bh6 b5 9. h4 Nh5 10. g4 Ng3 11. Rh2 Nxf1 12. Rxf1 Bxd4 13. Bxf8 Qxf8 14. Nge2 Qg7 15. Nxd4 Qxd4 16. Qxd4 Nxd4 17. Nd5 e6 18. Nxc7 Rb8 19. Ne8 Rb6 20. c3 Kf8 21. Nf6 Kg7 22. g5 Nc6 23. Ne8+ Kf8 24. Nxd6 Bd7 25. Rd2 Ke7 26. Nxf7 1-0

[Event "Hampshire Open"]
[Site "Eastleigh"]
[Date "2011.11.05"]
[Round "3"]
[White "Hackman, Paul"]
[Black "Williams, Peter Arthur"]
[Result "0-1"]
[WhiteElo "2128"]
[BlackElo "2239"]
[PlyCount "108"]
[EventDate "2011.11.04"]
[EventType "swiss"]
[EventRounds "6"]
[EventCountry "ENG"]
[SourceTitle "BritBase"]
[Source "John Saunders"]
[SourceDate "2025.01.31"]
[SourceVersion "1"]
[SourceVersionDate "2025.01.31"]
[SourceQuality "1"]

1. e4 e6 2. d4 d5 3. Nc3 Bb4 4. Bd2 Ne7 5. Qf3 Nbc6 6. Nge2 O-O 7. O-O-O Ba5 8. h4 Bb6 9. Be3 dxe4 10. Nxe4 Nf5 11. c3 Qd5 12. Kb1 Ne5 13. Qf4 Ng6 14. Qf3 Nfxh4 15. c4 Qf5 16. Qxf5 Nxf5 17. Bc1 c6 18. g4 Nfe7 19. f4 e5 20. c5 Bc7 21. f5 Nxf5 22. gxf5 Bxf5 23. N2g3 Bg4 24. Rd2 exd4 25. Rxd4 Bf3 26. Rg1 Be5 27. Rd3 Bg4 28. Ka1 Rad8 29. Nd6 b6 30. Be3 bxc5 31. Bxc5 Nf4 32. Rd2 Ne6 33. Nge4 Nxc5 34. Rxg4 Nxe4 35. Nxe4 Rxd2 36. Nxd2 Rd8 37. Rg2 Bf4 38. Nb1 {(=)} h5 39. Rc2 Rd6 40. Bg2 g5 41. Rxc6 g4 42. Rc5 h4 43. Rh5 Rh6 44. Rf5 Be3 45. Re5 Re6 46. Rh5 Rh6 47. Re5 Bc1 48. Re1 Bf4 49. Nc3 h3 50. Bb7 g3 51. Nd5 Bd6 52. Rg1 g2 53. Ne3 Bc5 54. Nf5 Re6 0-1

[Event "Hampshire Open"]
[Site "Eastleigh"]
[Date "2011.11.05"]
[Round "3"]
[White "Hanley, Craig A"]
[Black "Waterfield, John W"]
[Result "1-0"]
[WhiteElo "2415"]
[BlackElo "2008"]
[PlyCount "97"]
[EventDate "2011.11.04"]
[EventType "swiss"]
[EventRounds "6"]
[EventCountry "ENG"]
[SourceTitle "BritBase"]
[Source "John Saunders"]
[SourceDate "2025.01.31"]
[SourceVersion "1"]
[SourceVersionDate "2025.01.31"]
[SourceQuality "1"]

1. d4 Nf6 2. c4 c5 3. d5 b5 4. cxb5 a6 5. bxa6 g6 6. Nc3 Bxa6 7. g3 d6 8. Bg2 Bg7 9. Rb1 Nbd7 10. Nh3 Nb6 11. b3 Bb7 12. O-O Ra6 13. Bb2 Qa8 14. e4 O-O 15. Nf4 Nfd7 16. Re1 c4 17. Bf1 Ra7 18. bxc4 Rb8 19. Nb5 Rxa2 20. Bxg7 Kxg7 21. Nc3 Ra3 22. Rxb6 Nxb6 23. Nb5 Nd7 24. Nxa3 Qxa3 25. Qd4+ Kg8 26. Nd3 Ra8 27. e5 dxe5 28. Nxe5 Qc5 29. Qb2 Nxe5 30. Qxe5 Ra2 31. Re3 Ba6 32. Qxe7 Qd4 33. Qd6 Kg7 34. Qe5+ Qxe5 35. Rxe5 Ra1 36. Kg2 Rc1 37. Re4 f5 38. Re7+ Kh6 39. Rc7 Rc2 40. h4 Rc3 41. Be2 Rc2 42. Kf3 Rc3+ 43. Kf4 Rc2 44. Ke3 Rc3+ 45. Kd4 Rc2 46. Bd3 Rxf2 47. d6 Rb2 48. d7 Rb8 49. c5 1-0

[Event "Hampshire Open"]
[Site "Eastleigh"]
[Date "2011.11.05"]
[Round "3"]
[White "Shiatis, Rohan"]
[Black "Tambini, Jasper"]
[Result "1-0"]
[WhiteElo "1952"]
[BlackElo "1924"]
[PlyCount "69"]
[EventDate "2011.11.04"]
[EventType "swiss"]
[EventRounds "6"]
[EventCountry "ENG"]
[SourceTitle "BritBase"]
[Source "John Saunders"]
[SourceDate "2025.01.31"]
[SourceVersion "1"]
[SourceVersionDate "2025.01.31"]
[SourceQuality "1"]

1. d4 d5 2. c4 e6 3. Nf3 Nf6 4. g3 Be7 5. Bg2 O-O 6. O-O c6 7. Qc2 b6 8. b3 Bb7 9. Bb2 Nbd7 10. Nc3 c5 11. Rfd1 dxc4 12. bxc4 cxd4 13. Rxd4 Bc5 14. Rd2 Qe7 15. e4 Bb4 16. Re1 Nc5 17. Nd4 Nfxe4 18. Nxe4 Bxd2 19. Qxd2 Nxe4 20. Bxe4 Bxe4 21. Rxe4 Qb7 22. Rg4 f5 23. Rh4 e5 24. Nb5 Rad8 25. Nd6 e4 26. Ba3 Rf6 27. Qd4 Qc6 28. c5 bxc5 29. Qc4+ Kf8 30. Bxc5 Rfxd6 31. Rxh7 e3 32. fxe3 R8d7 33. Qe6 g6 34. Qf6+ Kg8 35. Rh8# 1-0

[Event "Hampshire Open"]
[Site "Eastleigh"]
[Date "2011.11.05"]
[Round "4"]
[White "Coburn, Joseph A"]
[Black "Davies, Edward G"]
[Result "1/2-1/2"]
[WhiteElo "1792"]
[BlackElo "1808"]
[PlyCount "98"]
[EventDate "2011.11.04"]
[EventType "swiss"]
[EventRounds "6"]
[EventCountry "ENG"]
[SourceTitle "BritBase"]
[Source "John Saunders"]
[SourceDate "2025.01.31"]
[SourceVersion "1"]
[SourceVersionDate "2025.01.31"]
[SourceQuality "1"]

1. e4 c6 2. f4 d5 3. e5 Bf5 4. d4 e6 5. Nf3 Nd7 6. Bd3 g6 7. Bxf5 gxf5 8. Nbd2 h5 9. Ng5 Ne7 10. Ndf3 Bh6 11. c3 Ng6 12. h4 Qe7 13. g3 f6 14. exf6 Nxf6 15. Ne5 Nxe5 16. fxe5 Ng4 17. Bf4 Rg8 18. Qe2 Bxg5 19. hxg5 Rxg5 20. Qd2 Rg7 21. Rxh5 Qf7 22. Rh8+ Rg8 23. Rh4 O-O-O 24. O-O-O Rh8 25. Rdh1 Qg7 26. Bg5 Rxh4 27. Bxh4 Rg8 28. Rf1 a6 29. a4 Kb8 30. Kb1 Qg6 31. Rf4 Rh8 32. Qe2 Ka8 33. b4 Qe8 34. Kb2 c5 35. dxc5 Qxa4 36. Rf1 d4 37. Qd3 dxc3+ 38. Qxc3 Qb5 39. Rd1 Nf2 40. Rd4 Ne4 41. Qd3 Qxd3 42. Rxd3 Rg8 43. Kb3 a5 44. Ka4 axb4 45. Kxb4 Rc8 46. Be7 Rc6 47. Bd6 b6 48. cxb6 Rxb6+ 49. Ka5 Kb7 1/2-1/2

[Event "Hampshire Open"]
[Site "Eastleigh"]
[Date "2011.11.05"]
[Round "4"]
[White "McDougall, Andrew"]
[Black "Hackman, Paul"]
[Result "1/2-1/2"]
[WhiteElo "2144"]
[BlackElo "2128"]
[PlyCount "125"]
[EventDate "2011.11.04"]
[EventType "swiss"]
[EventRounds "6"]
[EventCountry "ENG"]
[SourceTitle "BritBase"]
[Source "John Saunders"]
[SourceDate "2025.01.31"]
[SourceVersion "1"]
[SourceVersionDate "2025.01.31"]
[SourceQuality "1"]

1. e4 e6 2. Nf3 d5 3. e5 c5 4. b4 cxb4 5. a3 Nc6 6. axb4 Bxb4 7. c3 Be7 8. d4 Bd7 9. Bd3 a6 10. O-O Na5 11. Ba3 Rc8 12. Bxe7 Nxe7 13. Qc2 h6 14. Rc1 Nec6 15. Nbd2 Nb4 16. Qb1 Nxd3 17. Qxd3 Bb5 18. Qb1 O-O 19. Qb4 Nc4 20. Nxc4 Rxc4 21. Qb2 Qd7 22. Nd2 Rc7 23. Qb4 Rfc8 24. Nb1 Rc4 25. Qb2 Qc7 26. Qd2 b6 27. h3 Ra4 28. Na3 Bc4 29. Qb2 b5 30. Nc2 Rxa1 31. Rxa1 a5 32. Ne3 Bd3 33. Ra3 Rb8 34. Qa1 a4 35. Qb2 Bc4 36. Qb4 Rb7 37. Ra1 Bb3 38. Kf1 Qe7 39. Ke2 Qxb4 40. cxb4 Rc7 41. Kd2 Kf8 42. Rc1 Rxc1 43. Kxc1 Bc4 44. Kb2 Bd3 45. Kc3 Bc4 46. h4 f6 47. f4 Kf7 48. g4 Be2 49. exf6 Kxf6 50. f5 Bf3 51. fxe6 Kxe6 52. Kb2 Bxg4 53. Nxg4 Kf5 54. Nf2 g5 55. hxg5 hxg5 56. Nd1 Ke4 57. Nc3+ Kxd4 58. Nxb5+ Kc4 59. Nc7 g4 60. b5 Kc5 61. b6 Kxb6 62. Nxd5+ Kc5 63. Nf6 1/2-1/2